[Event "Voronezh op-B 23rd"]
[Site "Voronezh"]
[Date "2019.06.14"]
[Round "3"]
[White "Krivoruchko, Egor"]
[Black "Gopienko, Aleksandr"]
[Result "1-0"]
[WhiteElo "1570"]
[BlackElo "1008"]
[PlyCount "77"]
[EventDate "2019.06.12"]
[EventType "swiss"]
[EventRounds "9"]
[EventCountry "RUS"]
[SourceTitle "EXT 2020"]
[Source "ChessBase"]
[SourceDate "2019.10.17"]
[SourceVersion "1"]
[SourceVersionDate "2019.10.17"]
[SourceQuality "1"]

1. e4 c5 2. Bc4 d6 3. Qf3 Nf6 4. d3 g6 5. Bb5+ Nbd7 6. b3 Qa5+ 7. Nd2 Qxb5 8. Bb2 Bg7 9. Nh3 0-0 10. Nf4 Nxe4 11. Bxg7 Nxd2 12. Kxd2 Kxg7 13. h4 Ne5 14. Qg3 Qd7 15. f3 Qf5 16. h5 g5 17. h6+ Kg8 18. Nd5 Ng6 19. Ne3 Qf4 20. Qf2 d5 21. g3 Qe5 22. Rae1 f6 23. Rh5 d4 24. Ng2 Qc7 25. g4 Nf4 26. Rhh1 Nxg2 27. Qxg2 Re8 28. Rhf1 Qa5+ 29. Kd1 Qxa2 30. f4 Qa1+ 31. Kd2 Qc3+ 32. Kd1 Qa1+ 33. Ke2 Qc3 34. Rc1 Be6 35. fxg5 fxg5 36. Qe4 Bf7 37. Rxf7 Kxf7 38. Qf5+ Kg8 39. Qxg5+ 1-0